ARRUPE JESUIT UNIVERSITY

CORONAVIRUS -STOP THE SPREAD - CLEAN,DISINFECT,COVER

The Search for a national consensus (Record no. 882)

MARC details
000 -LEADER
fixed length control field 00675nam a2200241Ia 4500
003 - CONTROL NUMBER IDENTIFIER
control field 0100
008 - FIXED-LENGTH DATA ELEMENTS--GENERAL INFORMATION
fixed length control field 130227s9999 xx 000 0 und d
020 ## - INTERNATIONAL STANDARD BOOK NUMBER
International Standard Book Number 9970024914
040 ## - CATALOGING SOURCE
Transcribing agency ARRUPELIB
050 ## - LIBRARY OF CONGRESS CALL NUMBER
Classification number KTW172.O36 2005
100 ## - MAIN ENTRY--PERSONAL NAME
Personal name Odoki, Benjamin J.
245 #4 - TITLE STATEMENT
Title The Search for a national consensus
245 ## - TITLE STATEMENT
Remainder of title The making of the 1995 Uganda Constitution
260 ## - PUBLICATION, DISTRIBUTION, ETC. (IMPRINT)
Place of publication, distribution, etc Kampala
260 ## - PUBLICATION, DISTRIBUTION, ETC. (IMPRINT)
Name of publisher, distributor, etc Fountain Publishers
260 ## - PUBLICATION, DISTRIBUTION, ETC. (IMPRINT)
-- 2005
300 ## - PHYSICAL DESCRIPTION
Extent xiv
300 ## - PHYSICAL DESCRIPTION
Other physical details 370p 23cm
650 ## - SUBJECT ADDED ENTRY--TOPICAL TERM
Topical term following geographic name as entry element Student teaching - Great Britain
650 ## - SUBJECT ADDED ENTRY--TOPICAL TERM
Location of event Student teachers - Supervision of - Great Britain
650 ## - SUBJECT ADDED ENTRY--TOPICAL TERM
Active dates Teachers - Training of - Great Britain
942 ## - ADDED ENTRY ELEMENTS (KOHA)
Source of classification or shelving scheme Library of Congress Classification
Koha issues (borrowed), all copies 8
Holdings
Withdrawn status Lost status Source of classification or shelving scheme Damaged status Not for loan Collection code Home library Current library Shelving location Date acquired Total Checkouts Full call number Barcode Date last seen Date last borrowed Copy number Price effective from Koha item type
    Library of Congress Classification     Main Collection ARRUPE LIBRARY ARRUPE LIBRARY   27/02/2013 8 KTW172.O36 2005 46401641 31/12/2014 23/12/2014 1 27/02/2013 Monograph ( Printed materials)

 

Arrupe Library. PO Box MP320 Mt Pleasant, Harare, Zimbabwe
263 242 745411|librarian@aju.ac.zw